[Event "ITA-ch U16"]
[Site "Salsomaggiore Terme"]
[Date "2019.07.08"]
[Round "2"]
[White "Carlo, Emanuele"]
[Black "Cedoni, Gabriele"]
[Result "1-0"]
[WhiteElo "2225"]
[BlackElo "1631"]
[PlyCount "51"]
[EventDate "2019.07.07"]
[EventType "swiss"]
[EventRounds "9"]
[EventCountry "ITA"]
[SourceTitle "EXT 2020"]
[Source "ChessBase"]
[SourceDate "2019.10.17"]
[SourceVersion "1"]
[SourceVersionDate "2019.10.17"]
[SourceQuality "1"]

1. e4 e5 2. Nf3 Nc6 3. Bc4 Bc5 4. d3 d6 5. 0-0 Nf6 6. c3 h6 7. a4 a5 8. Nbd2 0-0 9. h3 Be6 10. Bb3 Qd7 11. Nc4 b6 12. d4 exd4 13. cxd4 Bxc4 14. Bxc4 Bb4 15. Bb5 Nxe4 16. d5 Rad8 17. Bxc6 Qf5 18. Be3 Nc5 19. Nd4 Qg6 20. Bb5 f5 21. Nc6 Qf6 22. Nxd8 Rxd8 23. Bxc5 dxc5 24. Qe2 Rxd5 25. Bc4 c6 26. Rad1 1-0